Psychologie d'Aristote (Record no. 25770)
[ view plain ]
| 000 -LEADER | |
|---|---|
| campo de control de longitud fija | 01121nam a2200217 i 4500 |
| 001 - NÚMERO DE CONTROL | |
| campo de control | 25770 |
| 003 - IDENTIFICADOR DE NÚMERO DE CONTROL | |
| campo de control | ES-MaACL |
| 005 - FECHA Y HORA DE LA ÚLTIMA TRANSACCIÓN | |
| campo de control | 20250805063231.0 |
| 007 - CAMPO FIJO DE DESCRIPCIÓN FÍSICA--INFORMACIÓN GENERAL | |
| campo de control de longitud fija | t| |
| 008 - DATOS DE LONGITUD FIJA--INFORMACIÓN GENERAL | |
| campo de control de longitud fija | 030102s1847 fr ||||1| fre d |
| 100 0# - ENTRADA PRINCIPAL--NOMBRE DE PERSONA | |
| Nombre de persona | Aristóteles |
| 9 (RLIN) | 22861 |
| 245 10 - MENCIÓN DEL TÍTULO | |
| Título | Psychologie d'Aristote |
| Resto del título | : opuscules (Parva naturalia) / |
| Mención de responsabilidad, etc. | traduits en français pour la première fois et accompagnés de notes perpétuelles par J. Barthélemy-Saint-Hilaire. |
| 260 ## - PUBLICACIÓN, DISTRIBUCIÓN, ETC. | |
| Lugar de publicación, distribución, etc. | París : |
| Nombre del editor, distribuidor, etc. | Dumont, |
| Fecha de publicación, distribución, etc. | 1847 ( |
| Fabricante | Chapelet) |
| 300 ## - DESCRIPCIÓN FÍSICA | |
| Extensión | LXXXV, 444 p. ; |
| Dimensiones | 23 cm. |
| 505 8# - NOTA DE CONTENIDO CON FORMATO | |
| Nota de contenido con formato | Contiene: De la sensation et des choses sensibles. - De la mémoire et de la réminiscence. - Du sommeil et de la veille. - Des rêves. - De la divination dans le sommeil. - Du principe général du mouvement dans les animaux. - De la longévité et de la brièveté de la vie. - De la jeunesse et de la vieillesse. - De la vie et de la mort. - De la respiration |
| 650 #4 - PUNTO DE ACCESO ADICIONAL DE MATERIA--TÉRMINO DE MATERIA | |
| Término de materia o nombre geográfico como elemento de entrada | Psicología- |
| Subdivisión de forma | Obras anteriores a 1800. |
| 9 (RLIN) | 147704 |
| 700 1# - ENTRADA AGREGADA--NOMBRE PERSONAL | |
| Nombre de persona | Barthelemy Saint-Hilaire, Jules. |
| 9 (RLIN) | 26123 |
| 740 0# - ENTRADA AGREGADA--TÍTULO RELACIONADO/ANALÍTICO NO CONTROLADO | |
| Título relacionado o analítico no controlado | Parva naturalia. |
| 852 ## - LOCALIZACIÓN | |
| Ubicación | ES-MaACL |
| Número de control de estantería | F-7885 |
| Estatus retirado | Estado de pérdida | Estado de daño | No para préstamo | Colección | Biblioteca de origen | Biblioteca actual | Ubicación en estantería | Fecha de adquisición | Fuente de adquisición | Total de préstamos | Signatura topográfica completa | Código de barras | Visto por última vez | Precio de reemplazo | Tipo de ítem Koha |
|---|---|---|---|---|---|---|---|---|---|---|---|---|---|---|---|
| Libros del s. XIX | Biblioteca del Ateneo de Madrid | Biblioteca del Ateneo de Madrid | Sala Pecera Planta 2 | 17/01/2008 | F-7885 | 1026580 | 23/02/2023 | 23/02/2023 | Libro impreso antiguo |
